|
|
|
|
| LEADER |
00746nam a2200217 a 4500 |
| 001 |
c000181256 |
| 003 |
CARM |
| 005 |
20050311153416.0 |
| 008 |
860228s1974 yu 000 1 mac d |
| 019 |
1 |
|
|a 3684609
|5 LACONCORD2021
|
| 035 |
|
|
|a (OCoLC)34002392
|5 LACONCORD2021
|
| 040 |
|
|
|a VMOU
|b eng
|c VMOU
|
| 082 |
0 |
4 |
|a 891.819
|
| 100 |
1 |
|
|a Janevski, Slavko.
|
| 245 |
1 |
0 |
|a I bol i bes /
|c Slavko Janevski.
|
| 260 |
|
|
|a Skopje :
|b Makedonska kniga,
|c 1974.
|
| 300 |
|
|
|a 335 p. ;
|c 19 cm.
|
| 440 |
|
0 |
|a Biblioteka Atlas
|
| 852 |
8 |
|
|b CARM
|h A2:AH11H0
|i A02938
|p 0248531
|f BK
|
| 999 |
f |
f |
|i 1d6e12c6-2b32-5cf4-9a27-5b73879e16a3
|s dc145b01-28d9-5b1a-b6f0-8b4d75b1083c
|
| 952 |
f |
f |
|p Can circulate
|a CAVAL
|b CAVAL
|c CAVAL
|d CARM 1 Store
|e A02938
|f A2:AH11H0
|h Other scheme
|i book
|m 0248531
|